000 00880nam a2200265Ia 4500
003 OSt
005 20221005104852.0
006 a|||||r|||| 00| 0
007 ta
008 221004b |||||||| |||| 00| 0 hin d
020 _a8177210378 (hbk)
024 _a26923
037 _bGift, 13/05/2016,
_cTextual
040 _aCRL
_cCRL
_bhin
041 _2hin
_ahin
082 _aX.2, 152P2
100 _aकपिला, राज, संपा.
245 0 _aभारतीय अर्थनीति
246 _aBhāratīya arthanīti
260 _aदिल्ली
_bसत्साहित्य प्रकाशन भारत
_c2002
300 _a220पृ0
_ccm.
650 _aअर्थशास्त्र
942 _hX.2, 152P2
_cTEXL
_2cc
999 _c1014032
_d1014032